00718 2200241 4500001002100000005001500021035002000036008004100056040001700097041000800114082001400122084001600136090001800152245009900170260006400269300002500333850001200358500001100370650003400381100002500415990001800440990001800458INLIS00000000081654820180830070711 a0010-0818001198180814 ind  aYOPDYOGbind0 aind04223a027.7 a027.7 SUW b aL 027.7 SUW b0 aBuku pedoman :bserbaneka perpustakaan pusat Universitas Sebelas Maret /cSuwondo Atmodjahnawi2 aSala :bPerpustakaan Pusat Universitas Sebelas Maret,c1989 a109 halaman ;c21 cm aYOPDYOG aIndeks 4aPerpustakaan perguruan tinggi0 aSuwondo Atmodjahnawi a60282-PD/A.18 a60282-PD/A.18